Movies Quiz

Random Movies or Oscar Quiz

'D' Acting Oscar Nominated Movies Quiz Stats

 Plays Quiz not verified by Sporcle

Challenge
Share
Tweet
Embed
Score 0/53 Timer 15:00
0 Plays Today
% Correct
Driving Miss Daisy
87.2%
Doctor Zhivago
79.5%
Dances with Wolves
78.2%
The Deer Hunter
76.9%
The Departed
76.9%
Dead Poets Society
76.9%
Dog Day Afternoon
76.9%
Dead Man Walking
75.6%
Days of Wine and Roses
75.6%
The Devil Wears Prada
74.4%
Dangerous
74.4%
Darling
72.4%
Dr. Strangelove or: How I Learned to Stop Worrying and Love the Bomb
71.8%
Do the Right Thing
71.8%
Dangerous Liaisons
70.5%
Django Unchained
69.2%
Dallas Buyers Club
65.4%
Dreamgirls
62.8%
The Dirty Dozen
61.5%
Dr. Jekyll and Mr. Hyde
57.7%
Doubt
57.7%
The Dark Knight
55.1%
The Defiant Ones
52.6%
The Diary of Anne Frank
51.3%
Death of a Salesman
50%
Damage
50%
The Dresser
48.7%
% Correct
Disraeli
48.7%
Dick Tracy
48.7%
The Divorcee
47.4%
The Descendants
46.2%
Duel in the Sun
41%
Double Indemnity
39.7%
A Double Life
39.7%
Drums Along the Mohawk
39.7%
Dark Eyes
38.5%
Divorce Italian Style
38.5%
Diary of a Mad Housewife
38.5%
The Devil and Daniel Webster
37.2%
Dodsworth
37.2%
The Danish Girl
35.9%
A Dry White Season
35.9%
The Dark at the Top of the Stairs
35.9%
Dead End
34.6%
Detective Story
33.3%
The Divine Lady
29.5%
Dark Victory
28.2%
The Day of the Locust
28.2%
Day for Night
26.9%
The Devil and Miss Jones
25.6%
The Dark Angel
23.1%
Dragon Seed
20.5%
The Devil's Holiday
19.2%

You're not logged in!

Compare scores with friends on all Sporcle quizzes.
Join for Free
OR
Log In

You Might Also Like...

Show Comments

Extras

Created May 6, 2017ReportNominate
Tags:Oscar Quiz, Oscar Nominated

Top Quizzes Today


Score Distribution

Your Account Isn't Verified!

In order to create a playlist on Sporcle, you need to verify the email address you used during registration. Go to your Sporcle Settings to finish the process.

Report this User

Report this user for behavior that violates our Community Guidelines.

Details: